|
|
|
|
| LEADER |
00000nab a2200000uu 4500 |
| 001 |
vtls011453254 |
| 003 |
SK-MaSNL |
| 005 |
20260303113257.0 |
| 008 |
230121|1966 xo |||||||||||||||||cze| |
| 015 |
|
|
|a SNBRB
|
| 035 |
|
|
|a (urnnbn)urn:nbn:sk:snk:ar-0080as
|
| 035 |
|
|
|a (uuid)26455bb0-6497-4407-a8ae-fc7a070337be
|
| 035 |
|
|
|a urn:nbn:sk:snk-abcost
|
| 040 |
|
|
|a SNKBUCL
|b slo
|c SNKBUCL
|e AACR2
|
| 041 |
0 |
|
|a cze
|
| 044 |
|
|
|a xo
|c SK
|
| 100 |
1 |
|
|a Rybáček, L.
|4 aut
|9 1119242
|
| 245 |
1 |
0 |
|a FRANCOUZSKÝ LÉKOPIS A JEHO GALENICKÉ PŘÍPRAVKY
|c L. Rybáček
|
| 773 |
0 |
|
|t Farmaceutický obzor : odborný časopis Ministerstva zdravotníctva Slovenskej republiky a Slovenskej zdravotníckej univerzity v Bratislave
|g Roč. 35, č. 12 (1966), s. 555-557
|
| 954 |
|
|
|a odborná, vedecká literatúra cudzojazyčná (svetová)
|2 lita
|
| 958 |
|
|
|a OND
|
| 958 |
|
|
|a EUIPO
|
| 958 |
|
|
|a article16
|
| 999 |
|
|
|c 1891469
|d 1893399
|